000 00821nam a22002417a 4500
003 UA-OsUOA
001 50237
007 ta
008 20071108b un ||||| |||| 00| 0 ukr d
100 _aКудрявцев В.
090 _a343.13:347.965(470)
_bК88
942 _cBK
040 _aUA-OsUOA
_brus
_cUA-OsUOA
_dUA-OsUOA
245 _aПроцессуальные и криминалистические основы деятельности адвоката-защитника в российском судопроизводстве
300 _a176 с.
955 _a2
041 _arus
080 _a343.13:347.965(470)
020 _a5-93295-184-2
260 _aМ.
_bЮрлитинформ
_c2006
650 7 _a343 Кримінальне право. Карні порушення
_2UDC
999 _c336343
_d336343